Compendio de anatomía y fisiología humanas
Guardado en:
| Autor principal: | |
|---|---|
| Formato: | Desconocido |
| Lenguaje: | español |
| Publicado: |
Valencia
s n (Tipografía Moderna de Miguel Gimeno)
1917
|
| Catálogo: | MANES: Resultados de Búsqueda del Catálogo |
| Clasificación de libros de texto: |
|
| Acceso en línea: | Biblioteca Virtual del Patrimonio Bibliográfico |
| Etiquetas: |
Agregar Etiqueta
Sin Etiquetas, Sea el primero en etiquetar este registro!
|
| Añadido a: | 2016-04-26 |
| Cambiado en: | 2026-01-29 |
MARC
| LEADER | 000000000a22000000004500 | ||
|---|---|---|---|
| 001 | 34391 | ||
| 003 | OSt | ||
| 005 | 20260129165232.0 | ||
| 008 | 160427s sp ||||| |||| 00| 0 spa d | ||
| 040 | |a manes |c manes | ||
| 041 | |a Español | ||
| 690 | |a CN | ||
| 856 | |z Biblioteca Virtual del Patrimonio Bibliográfico |u http://bvpb.mcu.es/es/catalogo_imagenes/grupo.cmd?path=21000035 | ||
| 100 | 1 | |a Arévalo, Celso |9 17957 | |
| 245 | 0 | 0 | |a Compendio de anatomía y fisiología humanas |
| 260 | 3 | |a Valencia |b s n (Tipografía Moderna de Miguel Gimeno) |c 1917 | |
| 300 | |a 149 p. | ||
| 500 | |a Signatura: T23/11. Enc. tela | ||
| 691 | 0 | |a SE | |
| 942 | |2 ddc |c BK | ||
| 546 | |a España | ||
| 999 | |c 41389 |d 41389 | ||
| 999 | |c manes:41389 |d 41389 | ||